000 00224 a2200097 4500
001 43999
100 _aNadve
245 _aThori dair apali haq kay sath
260 _aKarachi
_bMasjlis-e- Nashoriat
_c
090 _c27737
_d27737
942 _aNUST-CAE
_cM
_c19710
999 _c279072
_d279072